000 01193nam2a2200229 4500
001 rc\2947831
005 20260315060114.0
035 _a(NLR Aleph) 007095758
090 _a13601165
_c13601165
100 _a20110829d1933 u y0rusy50 ca
101 0 _arus
102 _aRU
105 _ay z |||||
200 1 _aПриродные газы минераловодской группы
210 _d1933
461 0 _1001rc\2947821
_12001#$aПриродные газы СССР$eСборник статей$fПод ред. акад. И.М. Губкина, акад. А.Е. Ферсмана и проф. Б.С. Швецова$gКом. по химизации нар. хозяйства СССР при Госплане СССР$vВып. 17
_96619642
_c[Ленинград]
_d1933
_fПод ред. акад. И.М. Губкина, акад. А.Е. Ферсмана и проф. Б.С. Швецова
_nГосхимтехиздат Ленингр. отд-ние
_oСборник статей
_tПриродные газы СССР
_vВып. 17
700 1 _aКарстенс
_bЭ.Э.
801 0 _aRU
_bNLR
_gpsbo
801 1 _aRU
_bELAR
_2rusmarc
852 _aNLR
_j33-19/341
942 _cUNSPEC
980 _aNB